| 000 | 00879njm a2200277Ia 4500 | ||
|---|---|---|---|
| 001 | 40086 | ||
| 003 | IT-RoPAU | ||
| 005 | 20220918181217.0 | ||
| 008 | 131025s9999 xx 000 0 und d | ||
| 040 | _aIT-RoPAU | ||
| 040 | _cIT-RoPAU | ||
| 999 |
_c104056 _d104056 |
||
| 999 | _bn.d. | ||
| 100 |
_aBach Johann Sebastian _920732 |
||
| 100 |
_eAutore musica _920733 |
||
| 100 |
_gCodice autore musica SPICS: 9695 _920734 |
||
| 245 | _aCantata n. 80 e n. 104 | ||
| 250 | _a1a ed. | ||
| 260 | _aMUSICAL MASTERPIECE SOCIETY | ||
| 260 | _bMMS | ||
| 300 | _aDISCO | ||
| 500 | _aMusica classica, religiosa. Cantata | ||
| 505 | _aCantata n. 104 "Du Hirte Israel, Hore!" - Cantata n. 80 "Ein Feste Burg Ist Unser Gott" | ||
| 511 | _aOrchestra della Società Filarmonica di Amsterdam diretta da Vandernoot André | ||
| 650 |
_aRELIGIOSO [DISCHI] _eCodice MATERIA SPICS: 9950 _9791 |
||
| 942 |
_cMD _2ddc |
||